Hegel : la desgraciada reconciliación del espíritu /
Georg Wilhelm Friedrich Hegel (1770-1831), filósofo alemán, formado en teología y filosofía, catedrático en las universidades de Jena, Heidelberg y Berlín, es considerado como el principal representante del idealismo alemán y creador de un sistema filosófico que abarca a manera de síntesis diversos...
Furkejuvvon:
| Váldodahkki: | |
|---|---|
| Materiálatiipa: | Girji |
| Giella: | espánnjágiella |
| Almmustuhtton: |
Madrid, España :
Trotta,
2001, c2001
|
| Ráidu: | (Estructuras y Procesos. Filosofía)
|
| Fáttát: | |
| Fáddágilkorat: |
Eai fáddágilkorat, Lasit vuosttaš fáddágilkora!
|
MARC
| LEADER | 00000nam^a2200000^a^4500 | ||
|---|---|---|---|
| 001 | 000318646 | ||
| 005 | 20250521000000.0 | ||
| 009 | 20260310113419.707 | ||
| 020 | |a 84-8164-484-6 | ||
| 037 | |a Acervo Xavier Clavigero | ||
| 041 | |a ESP | ||
| 082 | |a 141. |b HEG EST MAS | ||
| 100 | |a Másmela, Carlos |e (autor) | ||
| 245 | 1 | 0 | |a Hegel : |b la desgraciada reconciliación del espíritu / |c C. Másmela. |
| 264 | 4 | |a Madrid, España : |b Trotta, |c 2001, c2001 | |
| 300 | |a 186 p. | ||
| 336 | |a texto |b txt |2 rdacontenido | ||
| 337 | |a sin mediación |b n |2 rdamedio | ||
| 338 | |a volumen |b nc |2 rdasoporte | ||
| 440 | 1 | |a (Estructuras y Procesos. |p Filosofía) | |
| 520 | |a Georg Wilhelm Friedrich Hegel (1770-1831), filósofo alemán, formado en teología y filosofía, catedrático en las universidades de Jena, Heidelberg y Berlín, es considerado como el principal representante del idealismo alemán y creador de un sistema filosófico que abarca a manera de síntesis diversos campos del saber. En su Fenomenología del espíritu analiza el saber en su devenir, de conciente a absoluto. En la presente obra el autor interpreta esa marcha del devenir hacia el saber absoluto y su desdoblamiento para abarcar la totalidad. | ||
| 649 | |a XX | ||
| 650 | |a Filósofos Alemanes | ||
| 650 | |a Epistemología | ||
| 650 | |a Razón | ||
| 650 | |a Espíritu | ||
| 650 | |a Idealismo - |x Historia y Crítica - |x Tema Principal | ||
| 650 | |a Filosofía del Siglo XIX - |x Historia y Crítica | ||
| 650 | |a Filosofía Alemana - |x Historia y Crítica | ||
| 650 | |a Hegel, Friedrich - |x Tema Principal | ||
| 910 | |a Fondo General | ||
| 920 | |a Impresos - Libros | ||
| 930 | |a Colección General | ||
| 905 | |a 101 | ||
| 901 | |a 071548 |b IT1 |c ACC |u 20250521 | ||
| 902 | |a https://opac.biblio.iteso.mx/vufind/Record/000318646 | ||